Rural urban relationship in Burdwan district (Record no. 19650)

MARC details
000 -LEADER
fixed length control field 00430nam a2200145Ia 4500
082 ## - DEWEY DECIMAL CLASSIFICATION NUMBER
Classification number TC.0033
100 ## - MAIN ENTRY--AUTHOR NAME
Personal name Chatterjee, Lata
245 #0 - TITLE STATEMENT
Title Rural urban relationship in Burdwan district
260 ## - PUBLICATION, DISTRIBUTION, ETC. (IMPRINT)
Year of publication 1969
Name of publisher University of Calcutta
300 ## - PHYSICAL DESCRIPTION
Number of Pages 195
650 ## - SUBJECT ADDED ENTRY--TOPICAL TERM
Topical Term Urban impact analysi
Geographic subdivision India
-- Burdwan (West Bengal)
650 ## - SUBJECT ADDED ENTRY--TOPICAL TERM
Topical Term Rural urban migration
Geographic subdivision India
-- Burdwan (West Bengal)
710 ## - ADDED ENTRY--CORPORATE NAME
Corporate name or jurisdiction name as entry element Chatterjee, S.P.
942 ## - ADDED ENTRY ELEMENTS (KOHA)
Koha item type Thesis
Source of classification or shelving scheme Dewey Decimal Classification
Holdings
Withdrawn status Lost status Damaged status Not for loan Home library Current library Date acquired Full call number Accession Number Price effective from Koha item type
        NASSDOC Library NASSDOC Library 08/10/2004 TC.0033 9433 18/04/2019 Thesis